000 00320nam a2200121Ia 4500
008 220217s9999||||xx |||||||||||||| ||und||
082 _a621.381 5 YOG
100 _aYoganarasimhan, B.N
245 0 _aElectronics circuits -II
260 _aShiva book centre
_bBangalore
_c2002
300 _b170
650 _aCIRCUITRY
999 _c170557
_d170557